00389 2200157 4500001002100000005001500021008004100036020002200077035001900099082000800118090001400126100001500140245001200155260004500167300001900212INLIS00000000000776220241224113527241224||||||||| | ||| |||| ||  a978 979 22 8760 8 0010-12240077620 a813 a813 MIA j0 aMia Arsjad00aJUN !!! aJakartabpt gramedia pustaka utamac2012 a208 hlm; 20 cm